| 000 | 01164nam a2200265 a 4500 | ||
|---|---|---|---|
| 001 | 001088331 | ||
| 003 | AM-YEHGA | ||
| 005 | 20250617151441.0 | ||
| 008 | 150622s2015 ai |||||r|||||||||0|fre|d | ||
| 020 | _a9785808419360 | ||
| 040 | _aAM-YeHGA | ||
| 041 | 0 | _afre | |
| 100 | 1 |
_aPinon, René, _d1870-1958 |
|
| 245 | 1 | 3 |
_aLa suppression des Arméniens. Méthode allemande - travail turc = _bՀայերի բնաջնջումը : գերմանական մեթոդ, թուրքական աշխատանք / _cRené Pinon ; La réédition est préparée à la publication par V. Poghosyan. |
| 246 | 1 | 1 |
_aՀայերի բնաջնջումը : _bգերմանական մեթոդ, թուրքական աշխատանք |
| 260 |
_aErevan : _bÉditions de l'Université d'État d'Erevan, _c2015. |
||
| 300 |
_a58 p. ; _c19 cm. |
||
| 500 | _aIncludes index. | ||
| 650 | 1 | 4 |
_aՀամաշխարհային պատերազմ _y1914-1918 _zՀայաստան |
| 650 | 1 | 4 | _aՀայոց ցեղասպանություն, 1915-1923 |
| 700 | 1 |
_aPoghosyan, Varoujean _4edt |
|
| 710 | 2 |
_aUniversité d'Etat d'Erévan _bInstitut des études arménologiques |
|
| 942 |
_2udc _cBK |
||
| 090 | _c353445 | ||
| 999 |
_c351632 _d351632 |
||